Mixed Word: First/Last Letter F Quiz Stats

Quiz Updated Oct 18, 2016

Challenge
Share
Tweet
Embed
Score 0/15 Timer 03:00
1 Play Today
Scrambled Center 6-Letter Word % Correct
REINfriend
91%
SLIMflimsy
90.6%
OATHfathom
90.4%
CAINfacing
89.9%
LOLAfallow
89.8%
OVALflavor
88.2%
ROILfrolic
88.1%
GIDEfidget
86.5%
Scrambled Center 6-Letter Word % Correct
SITEfetish
83.5%
REDOfedora
82.8%
HIESfishes
82.8%
RAGUfrugal
82%
AXLEflaxen
79.5%
NAILfinale
77.8%
GOREforego
75%

You're not logged in!

Compare scores with friends on all Sporcle quizzes.
Join for Free
OR
Log In

You Might Also Like...

Show Comments

Extras

Top Quizzes Today


Score Distribution

Your Account Isn't Verified!

In order to create a playlist on Sporcle, you need to verify the email address you used during registration. Go to your Sporcle Settings to finish the process.

Report this User

Report this user for behavior that violates our Community Guidelines.

Details: